000 00503nam a2200157Ia 4500
008 210716s2015 xx 000 0 und d
020 _a9788126523047
041 _aeng
082 _a621.38212 TONO
100 _aTonguz, Ozan K;Ferrari, Gianluigi.
245 _aAd hoc wireless network: a communication theoretic perspective.
_bCommunication theoretic perspective.
250 _a1
260 _aNew Delhi
_bWiley India Pvt Ltd
_c2015
300 _axiv,330
650 _aCommunication Network(621.3821)
999 _c194513
_d194513